| 000 | 01550nam0a22003371 4500 | ||
|---|---|---|---|
| 001 | rc\3662719 | ||
| 005 | 20250826145835.0 | ||
| 021 |
_aRU _b[69-86525] |
||
| 035 | _a(NLR Aleph) 007878552 | ||
| 090 |
_a7903356 _c7903356 |
||
| 100 | _a20130115d1969 |||y0rusy50 ca | ||
| 101 | 0 |
_arus _aeng |
|
| 102 | _aRU | ||
| 105 | _ay e ||||| | ||
| 200 | 1 |
_aРусско-английский словарь бытовой лексики _fРедактор Д. Левина |
|
| 210 |
_aМосква _c[Междунар. отношения] _d1969 |
||
| 215 |
_a277 с. _d17 |
||
| 300 | _aВ вып. дан. 2-й авт.: Мария Михайловна Неусихина | ||
| 300 | _aПеред загл. авт.: Кузьмина И.С., Неусихина М.М., Яковлева Р.А.. На пер. авт. не указаны | ||
| 608 |
_aРусско-английские словари _2psbo |
||
| 700 | 1 |
_aКузьмина _bИ. С. _cканд. филол. наук, русский и англ. языки _gИрина Сергеевна _3RU\NLR\AUTH\770172162 |
|
| 701 | 1 |
_aЯковлева _bР. А. _cканд. филол. наук _gРона Авраамовна _3RU\NLR\AUTH\770173079 |
|
| 701 | 1 |
_6z01790 _aНеусихина _bМ. М. _gМария Марковна |
|
| 702 | 1 |
_aЛевина _bД. _4340 |
|
| 790 | 1 |
_6z01701 _aНеусихина _bМ. М. _gМария Михайловна |
|
| 801 | 0 |
_aRU _bNLR _gpsbo |
|
| 801 | 1 |
_aRU _bELAR _2rusmarc |
|
| 852 |
_aNLR _j186рус-анг/К-89 |
||
| 942 | _cBOOK | ||
| 980 | _aNB | ||